| 000 | 00516nam a22001817a 4500 | ||
|---|---|---|---|
| 005 | 20251108172448.0 | ||
| 008 | 250721s9999 xx 000 0 ara d | ||
| 082 | 1 | 4 | _a818.03عيس |
| 100 | 1 | _aعيسى، نزيهه محمد سليم سليمان | |
| 245 | 1 | 0 | _aقصة حياتي : صراع مع القدر / |
| 264 | 1 | _aعمان : | |
| 300 | _a237ص | ||
| 650 | 1 | 7 | _aالمنوعات الأدبية |
| 650 | 1 | 7 | _aالمذكرات |
| 650 | 1 | 7 | _aالأدب العربي |
| 942 |
_2ddc _cBK |
||
| 999 |
_c79960 _d79960 |
||